Chemical Process Design and Simulation (Record no. 617377)

000 -LEADER
fixed length control field 00380nam a22001337a 4500
020 ## - INTERNATIONAL STANDARD BOOK NUMBER
International Standard Book Number 9781119089117
040 ## - CATALOGING SOURCE
Transcribing agency John Wiley
082 ## - DEWEY DECIMAL CLASSIFICATION NUMBER
Classification number 660.2812
Author Mark H4121 C
100 ## - MAIN ENTRY--PERSONAL NAME
Personal name Haydary, Juma
9 (RLIN) 134396
245 ## - TITLE STATEMENT
Title Chemical Process Design and Simulation
Remainder of title ASPEN Plus and ASPEN HYSYS Applications
260 ## - PUBLICATION, DISTRIBUTION, ETC.
Place of publication, distribution, etc. USA
Name of publisher, distributor, etc. John Wiley
Date of publication, distribution, etc. 2019
300 ## - PHYSICAL DESCRIPTION
Extent xliv, 391p.
Dimensions 29cm.
942 ## - ADDED ENTRY ELEMENTS (KOHA)
Source of classification or shelving scheme
Koha item type Reference
Holdings
Withdrawn status Lost status Source of classification or shelving scheme Damaged status Not for loan Permanent Location Current Location Date acquired Total Checkouts Full call number Barcode Date last seen Price effective from Koha item type
          School of Chemical & Materials Engineering (SCME) School of Chemical & Materials Engineering (SCME) 05/11/2026   660.2812 H4121 C SCME-4888 05/11/2026 05/11/2026 Reference
© 2023 Central Library, National University of Sciences and Technology. All Rights Reserved.